000 00604nam a2200217Ia 4500
008 101110s9999 xx 000 0 und d
041 _aENGLISH
082 _bSR28487
100 _aDias Mario, Vaz, Michael (Ed.)
245 _aDevelopment issuse of Indian Economy. T.Y.B.Com.
260 _c2005
_bMarvel pub.mumbai.
300 _a330
365 _b140
520 _aEconomics
546 _aENGLISH
630 _aDevelopment issuse of Indian Economy. T.Y.B.Com.
650 _aEconomics
655 _aEconomics
730 _aDevelopment issuse of Indian Economy. T.Y.B.Com.
942 _cBOOK
999 _c821021
_d821018